|
|
|
|
| LEADER |
00000nam1a2200000 4500 |
| 001 |
199507 |
| 005 |
20231031184335.0 |
| 010 |
|
|
|a 5628007226
|
| 020 |
|
|
|a RU
|b 91-29552
|
| 035 |
|
|
|a (RuTPU)RU\TPU\book\217540
|
| 090 |
|
|
|a 199507
|
| 100 |
|
|
|a 20110810d1991 km y0rusy5003 ca
|
| 101 |
0 |
|
|a rus
|
| 200 |
1 |
|
|a Месторождения цветных металлов
|f В. В. Колесников
|
| 210 |
|
|
|a Алма-Ата
|c Гылым
|d 1991
|
| 215 |
|
|
|a 191,[1] с., [1] л. карт.
|c ил.
|
| 225 |
1 |
|
|a Балхашский сегмент
|
| 320 |
|
|
|a Библиогр.: с. 182-190 (250 назв.).
|
| 610 |
1 |
|
|a руды цветных металлов
|
| 610 |
1 |
|
|a месторождения
|
| 610 |
1 |
|
|a геотектоника
|
| 610 |
1 |
|
|a систематизация
|
| 610 |
1 |
|
|a петрохимические свойства
|
| 610 |
1 |
|
|a рудоносные интрузивы
|
| 610 |
1 |
|
|a минеральный состав
|
| 610 |
1 |
|
|a метасоматиты
|
| 610 |
1 |
|
|a медно-порфировые месторождения
|
| 610 |
1 |
|
|a свинцово-цинковые месторождения
|
| 610 |
1 |
|
|a региональное прогнозирование
|
| 675 |
|
|
|a 553.4(574.3)
|z rus
|
| 686 |
|
|
|a 38.49
|2 rugasnti
|
| 700 |
|
1 |
|a Колесников
|b В. В.
|g Владимир Васильевич
|4 070
|
| 702 |
|
1 |
|a Абдуллин
|b А. А.
|4 340
|
| 801 |
|
0 |
|a RU
|b RuMRKP
|c 19950417
|g psbo
|
| 801 |
|
1 |
|a RU
|b 63413507
|c 20110810
|
| 801 |
|
2 |
|a RU
|b 63413507
|c 20111128
|g RCR
|
| 942 |
|
|
|c BK
|